Statistics for European History by Letter - U

Click here to take the quiz!

General Stats

  • This quiz has been taken 153 times
  • The average score is 10 of 20

Answer Stats

HintAnswer% Correct
Country in Eastern Europe attacked by Vladimir Putin in 2022Ukraine
98%
One of two mountain ranges that make up the border between Europe and AsiaUral
93%
Much blood has been shed over this Irish provinceUlster
85%
Its purity and force made this “animal” the national symbol of ScotlandUnicorn
85%
The first of its kind in Europe was founded in BolognaUniversity
83%
The fight of the Netherlands for independence started with a 1579 treaty signed in this cityUtrecht
77%
Initiated the first crusadeUrban II (pope)
66%
Swedens most important university was founded here in 1477Uppsala
60%
Italy’s last king, reigned for 34 days only in 1946Umberto II
57%
British actor (two Academy Awards), director, author, and cosmopolitan (Sir Peter, 1921-2004)Ustinov
53%
Southern German city of major political and economic importance around 1500Ulm
49%
Lenin’s real name (Vladimir Ilyich)Ulyanov
39%
East German leader infamous for his phrase “Nobody has any intention of building a wall” (Walter)Ulbricht
22%
Bronze Age culture named for the burial rites in that eraUrn culture
17%
Small Norwegian island where a right-wing terrorist massacred 69 young people in 2011Utøya
17%
Swedish king Gustav Adolf and his army landed on this island shared today by Germany and PolandUsedom
15%
Albanian acronym of the Kosovo Liberation ArmyUÇK (Ushtria Çlirimtare e Kosovës)
13%
German site of a mid-air plane collision in 2002 (71 fatalities, plus an air traffic controller assassinated later)Überlingen
11%
Island in the Tyrrhenian Sea and site of the mysterious crash of Itavia Flight 870 in 1980Ustica
11%
Austrian serial killer who started a literary career in prison, fascinating intellectuals and women (Johann “Jack”, 1950-94)Unterweger
9%

Score Distribution

Percentile by Number Answered

Percent of People with Each Score

Your Score History

You have not taken this quiz